<?xml version="1.0" encoding="UTF-8"?>
<collection xmlns="http://www.loc.gov/MARC21/slim">
 <record>
  <leader>05391nam a2200289 a 4500</leader>
  <controlfield tag="001">kal2745</controlfield>
  <controlfield tag="003">Gr-AtHEAL</controlfield>
  <controlfield tag="005">20160425164053.0</controlfield>
  <controlfield tag="006">m        d        </controlfield>
  <controlfield tag="008">160413s2015    gr      s           gre|c</controlfield>
  <datafield tag="020" ind1=" " ind2=" ">
   <subfield code="a">9789606034152</subfield>
  </datafield>
  <datafield tag="040" ind1=" " ind2=" ">
   <subfield code="a">GR-AtHEAL</subfield>
   <subfield code="b">gre</subfield>
   <subfield code="c">GR-AtHEAL</subfield>
  </datafield>
  <datafield tag="082" ind1="0" ind2="4">
   <subfield code="a">005.133</subfield>
   <subfield code="2">23</subfield>
  </datafield>
  <datafield tag="100" ind1="1" ind2=" ">
   <subfield code="a">Μανής, Γεώργιος.</subfield>
   <subfield code="8">1967</subfield>
  </datafield>
  <datafield tag="245" ind1="1" ind2="0">
   <subfield code="a">Εισαγωγή στον προγραμματισμό με αρωγό τη γλώσσα Python</subfield>
   <subfield code="h">[Ηλεκτρονικός πόρος] </subfield>
   <subfield code="c">Μάνης, Γεώργιος ; Κριτικός αναγνώστης,Μπλέκας, Κωνσταντίνος ; Γλωσσική επιμέλεια,ΨΑΘΑ, ΕΛΕΝΗ.</subfield>
  </datafield>
  <datafield tag="260" ind1=" " ind2=" ">
   <subfield code="a">Αθήνα :</subfield>
   <subfield code="b">Σύνδεσμος Ελληνικών Ακαδημαϊκών Βιβλιοθηκών,</subfield>
   <subfield code="c">c2015.</subfield>
  </datafield>
  <datafield tag="490" ind1=" " ind2=" ">
   <subfield code="a">Ακαδημαϊκά Ηλεκτρονικά Συγγράμματα και Βοηθήματα Κάλλιπος</subfield>
   <subfield code="8">40</subfield>
  </datafield>
  <datafield tag="520" ind1=" " ind2=" ">
   <subfield code="a">Σκοπός του βιβλίου δεν είναι να διδάξει μία γλώσσα προγραμματισμού, αλλά να απευθυνθεί στον πρωτοετή φοιτητή ή σε οποιονδήποτε αναγνώστη κάνει τα πρώτα του βήματα στον προγραμματισμό, χωρίς να απαιτείται να έχει την παραμικρή εμπειρία ή γνώση στο θέμα. Έτσι επιχειρεί να εισάγει τον αναγνώστη στη φιλοσοφία του διαδικασιακού προγραμματισμού και να του δείξει τον τρόπο με τον οποίο πρέπει να σκεφτεί ξεκινώντας από ένα συγκεκριμένο πρόβλημα που έχει να λύσει μέχρι να το κάνει κώδικα που μπορεί να μεταφραστεί και να εκτελεστεί από έναν υπολογιστή. Για να μπορέσει να χρησιμοποιήσει στην πράξη ο αναγνώστης αυτά που μαθαίνει στη θεωρία, αλλά και για να μπορέσει να αποκτήσει εμπειρία και να εξασκηθεί στον προγραμματισμό, χρησιμοποιείται η γλώσσα προγραμματισμού Python σαν θεμέλιο πάνω στο οποίο κτίζουμε. Η Python είναι απλή και κατανοητή γλώσσα προγραμματισμού μα με αυξημένη δυναμική και προσφέρεται για κάτι τέτοιο. Περιγράφεται στο βιβλίο στο βαθμό που αυτό είναι αναγκαίο ώστε να μπορέσει να γίνει μία γλώσσα έκφρασης για τον συγγραφέα και στη συνέχεια και για τον αναγνώστη και να μπορέσει να του προσφέρει ένα εργαλείο για την εξάσκησή του μέσα από το οποίο θα εμπεδώσει την λογική του προγραμματισμού. Η γλώσσα Python είναι σήμερα πολύ δημοφιλής και κερδίζει καθημερινά νέους φίλους. Επιτρέπει την ανάπτυξη προγραμμάτων γράφοντας πολύ λίγες γραμμές κώδικα. Χρησιμοποιείται για την ανάπτυξη εφαρμογών τόσο για ερευνητικούς όσο και για εμπορικούς σκοπούς, ενώ υποστηρίζεται από μεγάλο αριθμό πλούσιων βιβλιοθηκών. Υποστηρίζει επίσης αντικειμενοστραφή προγραμματισμό, κάτι που επιτρέπει να αφιερώσει κανείς ένα εισαγωγικό κεφάλαιο σε αυτό το βιβλίο ώστε να έχει ο αναγνώστης μία πρώτη επαφή και με τη φιλοσοφία αυτή. Το βιβλίο ξεκινάει από εύκολα προβλήματα και σιγά σιγά αυξάνεται η δυσκολία τους. Έτσι, σε προχωρημένα κεφάλαια, ο αναγνώστης αντιμετωπίζει θέματα αναζήτησης, ταξινόμησης, μαθηματικά προβλήματα ή ακόμα και κατασκευάζει απλά παιχνίδια όπως η κρεμάλα και ο ναρκαλιευτής.</subfield>
  </datafield>
  <datafield tag="650" ind1=" " ind2="0">
   <subfield code="a">Python (Computer program language)</subfield>
   <subfield code="8">2448</subfield>
  </datafield>
  <datafield tag="653" ind1=" " ind2=" ">
   <subfield code="a">Προγραμματισμός υπολογιστών</subfield>
  </datafield>
  <datafield tag="653" ind1=" " ind2=" ">
   <subfield code="a">Επιστήμη υπολογιστών/Πληροφορική</subfield>
   <subfield code="a">Γλώσσες προγραμματισμού</subfield>
  </datafield>
  <datafield tag="700" ind1="1" ind2=" ">
   <subfield code="a">Μπλέκας, Κωνσταντίνος</subfield>
   <subfield code="e">Κριτικός αναγνώστης</subfield>
   <subfield code="8">1968</subfield>
  </datafield>
  <datafield tag="856" ind1="4" ind2="0">
   <subfield code="u">http://hdl.handle.net/11419/2745</subfield>
   <subfield code="z">Πλήρες Κείμενο - Full text</subfield>
  </datafield>
  <datafield tag="907" ind1=" " ind2=" ">
   <subfield code="a">.b25678334</subfield>
   <subfield code="b">12-06-18</subfield>
   <subfield code="c">29-07-16</subfield>
  </datafield>
  <datafield tag="949" ind1=" " ind2=" ">
   <subfield code="0">0</subfield>
   <subfield code="1">0</subfield>
   <subfield code="2">ddc</subfield>
   <subfield code="4">0</subfield>
   <subfield code="6">005_133000000000000_ΜΑΝ</subfield>
   <subfield code="7">0</subfield>
   <subfield code="8">KALL</subfield>
   <subfield code="8">592</subfield>
   <subfield code="d">2016-04-13</subfield>
   <subfield code="r">2016-04-13</subfield>
   <subfield code="w">2016-04-13</subfield>
   <subfield code="z">005.133 ΜΑΝ</subfield>
   <subfield code="o">SEAB KALLIPOS</subfield>
  </datafield>
  <datafield tag="998" ind1=" " ind2=" ">
   <subfield code="a">80</subfield>
   <subfield code="a">01</subfield>
   <subfield code="a">02</subfield>
   <subfield code="a">03</subfield>
   <subfield code="a">04</subfield>
   <subfield code="a">05</subfield>
   <subfield code="a">06</subfield>
   <subfield code="a">07</subfield>
   <subfield code="a">08</subfield>
   <subfield code="a">09</subfield>
   <subfield code="a">10</subfield>
   <subfield code="a">11</subfield>
   <subfield code="a">12</subfield>
   <subfield code="a">13</subfield>
   <subfield code="a">14</subfield>
   <subfield code="a">15</subfield>
   <subfield code="a">16</subfield>
   <subfield code="a">17</subfield>
   <subfield code="a">18</subfield>
   <subfield code="a">19</subfield>
   <subfield code="a">20</subfield>
   <subfield code="a">21</subfield>
   <subfield code="a">22</subfield>
   <subfield code="a">23</subfield>
   <subfield code="a">24</subfield>
   <subfield code="a">25</subfield>
   <subfield code="a">26</subfield>
   <subfield code="b">11-05-17</subfield>
   <subfield code="c">m</subfield>
   <subfield code="d">z  </subfield>
   <subfield code="e">-</subfield>
   <subfield code="f">gre</subfield>
   <subfield code="g">gr </subfield>
   <subfield code="h">0</subfield>
  </datafield>
  <datafield tag="942" ind1=" " ind2=" ">
   <subfield code="2">ddc</subfield>
   <subfield code="c">KALLIPOS</subfield>
  </datafield>
 </record>
</collection>
